| 000 | 00955nam a22002177a 4500 | ||
|---|---|---|---|
| 005 | 20240530110602.0 | ||
| 008 | 160919s2014 ua a f b 00| p ara d | ||
| 017 |
_a2014/15900 _bمصر . دار الكتب المصرية |
||
| 020 | _a9789774489631 | ||
| 040 | _aEG-CaGPL | ||
| 082 | 0 | 4 |
_221 _a811.009\ _bأ ت |
| 100 | 0 | _aاشرف محمد السعدى | |
| 245 | 1 | 2 |
_aالتطور الدلالى للالفاظ فى الشعر العربى السياسى المعاصر ( 1950 م - 1990 م ) : _bدراسة دلالية / _cاشرف محمد السعدى |
| 260 |
_aالقاهرة : _bالهيئة المصرية العامة للكتاب ، _c2014 . |
||
| 300 |
_a392 ص. : _bايض ؛ _c24 سم . |
||
| 504 | _aيشتمل على ارجاعات ببليوجرافية | ||
| 650 | 0 | 4 | _aالادب العربى |
| 650 | 0 | 4 |
_aالشعر العربى _xتاريخ و نقد |
| 650 | 0 | 4 |
_aالشعر السياسى _xتاريخ و نقد |
| 942 |
_2ddc _cBK |
||
| 999 |
_c62680 _d62680 |
||